[Event "TCh-CHN 2019"]
[Site "China CHN"]
[Date "2019.05.07"]
[Round "5.2"]
[Board "1"]
[White "Lin, Chen"]
[Black "Peng, Xiongjian"]
[Result "0-1"]
[WhiteTitle "GM"]
[WhiteElo "2489"]
[BlackElo "2489"]
[WhiteTeam "Jiangsu team"]
[BlackTeam "Chongqing Jiulongpo Yucai Chess team"]
[WhiteFideId "8602298"]
[BlackFideId "8610550"]
[EventDate "2019.04.09"]

1. d4 Nf6 2. Nf3 g6 3. Bg5 Bg7 4. Nbd2 O-O 5. c3 d6 6. e4 Nbd7 7. Be2 h6 8. Bh4
e5 9. O-O Qe8 10. dxe5 dxe5 11. Re1 Nc5 12. Qc2 Nh5 13. Bf1 a5 14. Nc4 b5 15. b4
bxc4 16. bxc5 Be6 17. Nd2 Qb5 18. Rab1 Qxc5 19. Qa4 g5 20. Bg3 Nxg3 21. hxg3
Rfd8 22. Nxc4 Bf8 23. Red1 Rxd1 24. Rxd1 Rb8 25. Be2 Kg7 26. Kf1 Qb5 27. Qxb5
Rxb5 28. Ne3 Rb2 29. Bc4 Bxc4+ 30. Nxc4 Rxa2 31. Rd5 a4 32. Rxe5 Rc2 33. Ra5 a3
34. Ne3 Rxc3 35. Ke2 Rb3 36. f4 f6 37. e5 fxe5 38. fxe5 Kf7 39. Ra6 Rb6 40. Ra7
Ke6 41. Nc4 Rb3 42. Ra8 Bc5 43. Ra5 Kd5 44. Nd2 Rxg3 45. e6 Re3+ 46. Kd1 Kc6 0-1

[Event "TCh-CHN 2019"]
[Site "China CHN"]
[Date "2019.05.07"]
[Round "5.2"]
[Board "2"]
[White "Chen, Qi b"]
[Black "Naiditsch, Arkadij"]
[Result "1/2-1/2"]
[WhiteTitle "IM"]
[BlackTitle "GM"]
[WhiteElo "2445"]
[BlackElo "2617"]
[WhiteTeam "Jiangsu team"]
[BlackTeam "Chongqing Jiulongpo Yucai Chess team"]
[WhiteFideId "8614733"]
[BlackFideId "4650891"]
[EventDate "2019.04.09"]

1. e4 e5 2. Nf3 Nc6 3. Bb5 a6 4. Ba4 Nf6 5. O-O Be7 6. Re1 b5 7. Bb3 d6 8. c3
O-O 9. h3 Nd7 10. d4 Bf6 11. a4 Rb8 12. axb5 axb5 13. Be3 Ne7 14. Nbd2 c5 15.
Nf1 Qc7 16. N1h2 c4 17. Bc2 g6 18. Bh6 Bg7 19. Qd2 Bxh6 20. Qxh6 f6 21. Qe3 Nb6
22. Ra2 Be6 23. Rea1 Rb7 24. Nf1 Kg7 25. N1d2 Rc8 26. Ra6 Bf7 27. R1a5 Nd7 28.
Ra1 Nc6 29. h4 h5 30. d5 Ncb8 31. R6a2 Nc5 32. Nh2 Nbd7 33. g4 hxg4 34. Nxg4 Rh8
35. Qg3 Nb6 36. Ne3 Kf8 37. Rf1 Ra7 38. Rxa7 Qxa7 39. f4 Nbd7 40. fxe5 dxe5 41.
Kg2 Qa2 42. Rb1 Ke7 43. Ng4 Rb8 44. Qf2 Rb6 45. b4 Nb7 46. Nf1 Ra6 47. Nfe3 Nd6
48. Rf1 Ne8 49. Nh6 Ng7 50. Bd1 Qxf2+ 51. Rxf2 Be8 52. Bg4 Kd8 53. Ng8 Nh5 54.
Bxh5 gxh5 55. Nf5 Bf7 56. Nge7 Ra1 57. Rf3 Re1 58. Nc6+ Kc7 59. Re3 Rxe3 60.
Nxe3 Nb6 61. Ne7 Na4 62. Nd1 Kd7 63. Nf5 Bg6 64. Ng3 Nb6 65. Kf3 Ke7 66. Ne3 Na4
67. Nd1 Kf8 68. Ke3 Nb6 69. Kf3 Be8 70. Ke3 Kg7 71. Nf5+ Kg6 72. Nd6 Bd7 73. Kd2
Na4 74. Ne3 Nb6 75. Ke2 Kg7 76. Kd2 Kf8 77. Ndf5 Be8 78. Nd6 Bd7 79. Ndf5 Nc8
80. Ke2 Be8 81. Kd2 Bg6 82. Ke2 Ke8 83. Kf3 Kd7 84. Ke2 Kc7 85. Kf3 Nd6 86. Ng3
Nc8 87. Nef5 Kd7 88. Ke3 Nb6 89. Ng7 Ke7 90. N7f5+ Kd7 91. Ng7 Ke7 1/2-1/2

[Event "TCh-CHN 2019"]
[Site "China CHN"]
[Date "2019.05.07"]
[Round "5.2"]
[Board "4"]
[White "Batsiashvili, Nino"]
[Black "Guo, Qi"]
[Result "1/2-1/2"]
[WhiteTitle "GM"]
[BlackTitle "IM"]
[WhiteElo "2447"]
[BlackElo "2406"]
[WhiteTeam "Chongqing Jiulongpo Yucai Chess team"]
[BlackTeam "Jiangsu team"]
[WhiteFideId "13602993"]
[BlackFideId "8604002"]
[EventDate "2019.04.09"]

1. c4 e6 2. Nf3 d5 3. e3 Nf6 4. Nc3 Be7 5. b3 O-O 6. Bb2 c5 7. cxd5 Nxd5 8. h4
Nxc3 9. Bxc3 Bf6 10. Qc2 Bxc3 11. dxc3 f5 12. e4 Kh8 13. Rd1 Qe7 14. Bd3 b6 15.
Qe2 Nc6 16. h5 Bb7 17. Nh4 Ne5 18. f4 Ng4 19. exf5 Nh6 20. Kd2 Rae8 21. Kc2 exf5
22. Qxe7 Rxe7 23. Rhe1 Be4 24. Bxe4 fxe4 25. g3 Kg8 26. Rd5 Rfe8 27. Nf5 Nxf5
28. Rxf5 Rd7 29. Re2 Rd3 30. Rxe4 Rxc3+ 31. Kxc3 Rxe4 32. g4 g6 33. hxg6 hxg6
34. Rf6 g5 35. fxg5 Rxg4 36. Rf5 Rg2 37. a4 Rg3+ 38. Kc4 Rg4+ 39. Kc3 Rg3+ 40.
Kc4 1/2-1/2

[Event "TCh-CHN 2019"]
[Site "China CHN"]
[Date "2019.05.07"]
[Round "5.2"]
[Board "5"]
[White "Huang, Qian"]
[Black "Shen, Yang"]
[Result "1/2-1/2"]
[WhiteTitle "WGM"]
[BlackTitle "IM"]
[WhiteElo "2429"]
[BlackElo "2402"]
[WhiteTeam "Chongqing Jiulongpo Yucai Chess team"]
[BlackTeam "Jiangsu team"]
[WhiteFideId "8602689"]
[BlackFideId "8603162"]
[EventDate "2019.04.09"]

1. d4 Nf6 2. c4 g6 3. Nc3 d5 4. Bf4 Bg7 5. e3 O-O 6. cxd5 Nxd5 7. Nxd5 Qxd5 8.
Bxc7 Na6 9. Bxa6 Qxg2 10. Qf3 Qxf3 11. Nxf3 bxa6 12. Rc1 a5 13. Rg1 a4 14. Ne5
Bxe5 15. Bxe5 Be6 16. a3 Rfc8 17. Kd2 f6 18. Bg3 Kf7 19. e4 Rxc1 20. Rxc1 Rc8
21. d5 Bd7 22. Rxc8 Bxc8 23. Kc3 e6 24. Kb4 exd5 25. exd5 Bb7 26. Kc5 Ke7 27.
Bb8 a6 28. d6+ Kd7 29. Kb6 Bd5 30. Kxa6 Kc6 31. Ka5 Bb3 1/2-1/2

[Event "TCh-CHN 2019"]
[Site "China CHN"]
[Date "2019.05.07"]
[Round "5.3"]
[Board "1"]
[White "Fedoseev, Vladimir3"]
[Black "Zeng, Chongsheng"]
[Result "1-0"]
[WhiteTitle "GM"]
[BlackTitle "GM"]
[WhiteElo "2677"]
[BlackElo "2552"]
[WhiteTeam "Chengdu Beilei Youth Chess Club"]
[BlackTeam "Chongqing Sports lottery chess team"]
[WhiteFideId "24130737"]
[BlackFideId "8603847"]
[EventDate "2019.04.09"]

1. Nf3 Nf6 2. g3 g6 3. Bg2 Bg7 4. O-O O-O 5. d4 d5 6. c3 b6 7. a4 c5 8. b4 cxb4
9. cxb4 Nc6 10. Ba3 Ne4 11. e3 Be6 12. Nbd2 f5 13. Qb3 Qd7 14. Rfc1 Rfc8 15. Bf1
Nd8 16. Ba6 Rxc1+ 17. Rxc1 g5 18. Qc2 Nf7 19. b5 g4 20. Ne1 Nfg5 21. Kg2 Rf8 22.
Nd3 f4 23. Nxe4 f3+ 24. Kf1 Nxe4 25. Nf4 Bh6 26. Nxe6 Qxe6 27. Qc6 Nd6 28. Bxd6
exd6 29. Bc8 Qg6 30. Ke1 Bxe3 31. fxe3 f2+ 32. Ke2 Qe4 33. Rf1 Qf3+ 34. Kd2 Qg2
35. Qc1 Re8 36. Bxg4 Qe4 37. Qc3 Qxg4 38. Rxf2 Rc8 39. Qd3 Rc4 40. Qf5 Qxf5 41.
Rxf5 Rxa4 42. Rxd5 Ra2+ 43. Kd3 Rxh2 44. Rxd6 Rb2 45. Kc4 Re2 46. Rd8+ Kf7 47.
Rd7+ Kg6 48. Rxa7 Rxe3 49. Rb7 Rxg3 50. Rxb6+ Kg5 51. Rb8 Kf5 52. b6 Rg7 53. b7
Kg4 54. d5 h5 55. d6 Kh3 56. Kd5 h4 57. Kc6 Rc7+ 58. dxc7 1-0

[Event "TCh-CHN 2019"]
[Site "China CHN"]
[Date "2019.05.07"]
[Round "5.3"]
[Board "2"]
[White "Xu, Xiangyu"]
[Black "Liu, Yan"]
[Result "1-0"]
[WhiteTitle "GM"]
[BlackTitle "GM"]
[WhiteElo "2582"]
[BlackElo "2513"]
[WhiteTeam "Chengdu Beilei Youth Chess Club"]
[BlackTeam "Chongqing Sports lottery chess team"]
[WhiteFideId "8608288"]
[BlackFideId "8608962"]
[EventDate "2019.04.09"]

1. d4 Nf6 2. c4 e6 3. Nc3 Bb4 4. Bd2 O-O 5. e3 d6 6. Bd3 e5 7. Nge2 Re8 8. a3
Bxc3 9. Bxc3 e4 10. Bc2 d5 11. Ng3 c6 12. O-O Ng4 13. h3 Nh6 14. Qh5 f5 15. cxd5
cxd5 16. f3 Be6 17. fxe4 fxe4 18. Bb3 Na6 19. Nxe4 dxe4 20. d5 Bd7 21. Rf6 gxf6
22. Qxh6 Re5 23. Bxe5 fxe5 24. d6+ Kh8 25. Rf1 1-0

[Event "TCh-CHN 2019"]
[Site "China CHN"]
[Date "2019.05.07"]
[Round "5.3"]
[Board "3"]
[White "Li, Di"]
[Black "Zhou, Weiqi"]
[Result "1/2-1/2"]
[WhiteTitle "GM"]
[BlackTitle "GM"]
[WhiteElo "2543"]
[BlackElo "2592"]
[WhiteTeam "Chengdu Beilei Youth Chess Club"]
[BlackTeam "Chongqing Sports lottery chess team"]
[WhiteFideId "8607508"]
[BlackFideId "8601674"]
[EventDate "2019.04.09"]

1. d4 d5 2. c4 e6 3. Nf3 Nf6 4. Nc3 Be7 5. cxd5 exd5 6. Bf4 c6 7. e3 Bf5 8. Bd3
Bxd3 9. Qxd3 Nbd7 10. h3 O-O 11. O-O Re8 12. Qc2 Nf8 13. Rad1 Ng6 14. Be5 h6 15.
Rfe1 Bd6 16. Qf5 Re6 17. Bxf6 Rxf6 18. Qg4 Qa5 19. a3 Rd8 20. h4 Qc7 21. Rc1 Qe7
22. h5 Nf8 23. Nh4 Qd7 24. Qxd7 Nxd7 25. g4 Re6 26. Kg2 Nf6 27. Kf3 Kh7 28. Nf5
g6 29. hxg6+ fxg6 30. Nxd6 Rdxd6 31. Rh1 Kg7 32. Ne2 Ne4 33. Nf4 Re7 34. Ke2 Nf6
35. Rcg1 Nd7 36. Nd3 a5 37. b4 axb4 38. axb4 Rde6 39. Rh3 Re4 40. Kd2 g5 41.
Rgh1 R4e6 42. Kc2 Nb6 43. Rf3 Nc4 44. Nc5 Rd6 45. Ra1 b6 46. Nd3 Rdd7 47. Ra8
Ra7 48. Rff8 Rxa8 49. Rxa8 Re4 50. Ra7+ Kg8 51. Ra8+ Kg7 52. Ra7+ Kg8 53. Ra8+ 1/2-1/2

[Event "TCh-CHN 2019"]
[Site "China CHN"]
[Date "2019.05.07"]
[Round "5.3"]
[Board "4"]
[White "Tan, Zhongyi"]
[Black "Koneru, Humpy"]
[Result "0-1"]
[WhiteTitle "GM"]
[BlackTitle "GM"]
[WhiteElo "2502"]
[BlackElo "2574"]
[WhiteTeam "Chongqing Sports lottery chess team"]
[BlackTeam "Chengdu Beilei Youth Chess Club"]
[WhiteFideId "8603642"]
[BlackFideId "5008123"]
[EventDate "2019.04.09"]

1. c4 e6 2. Nc3 d5 3. d4 Be7 4. Nf3 Nf6 5. Bg5 h6 6. Bxf6 Bxf6 7. e3 O-O 8. Qc2
c5 9. dxc5 dxc4 10. Bxc4 Nd7 11. c6 Ne5 12. Nxe5 Bxe5 13. f4 Bf6 14. Ne4 Be7 15.
Be2 bxc6 16. Nd2 e5 17. O-O-O exf4 18. exf4 Rb8 19. Bc4 Bg4 20. Rdf1 Bf6 21. Nb3
a5 22. h3 Bd7 23. Qd3 a4 24. Nc5 Bxb2+ 25. Kc2 Bd4 26. Nxa4 Qa5 27. Qxd4 Qxa4+
28. Kd3 Bf5+ 29. Ke3 Rbe8+ 30. Kf3 Be4+ 31. Kg3 Bd5 0-1

[Event "TCh-CHN 2019"]
[Site "China CHN"]
[Date "2019.05.07"]
[Round "5.3"]
[Board "5"]
[White "Lei, Tingjie"]
[Black "Li, Yunshan"]
[Result "1/2-1/2"]
[WhiteTitle "GM"]
[BlackTitle "WFM"]
[WhiteElo "2483"]
[BlackElo "2287"]
[WhiteTeam "Chongqing Sports lottery chess team"]
[BlackTeam "Chengdu Beilei Youth Chess Club"]
[WhiteFideId "8605114"]
[BlackFideId "8607664"]
[EventDate "2019.04.09"]

1. d4 d5 2. c4 dxc4 3. e4 c5 4. d5 e6 5. Bxc4 Nf6 6. Nc3 exd5 7. Nxd5 Be6 8. Bf4
Bxd5 9. exd5 Bd6 10. Qe2+ Kf8 11. Bd2 Nbd7 12. Nf3 Qe7 13. Qxe7+ Kxe7 14. O-O-O
Rhd8 15. Nh4 g6 16. b3 Kf8 17. h3 Ne4 18. Be3 Nc3 19. Rd2 b5 20. Be2 c4 21. bxc4
Nxe2+ 22. Rxe2 Rdc8 23. Rc2 bxc4 24. Rd1 Rab8 25. Bxa7 Rb5 26. Bd4 Nc5 27. Nf3
Na4 28. Kd2 Rxd5 29. Ke2 Kg8 30. Rdc1 Ba3 31. Rb1 c3 32. Rb7 Bc5 33. Be3 Bxe3
34. fxe3 Ra8 35. Nd4 Re5 36. Nc6 Re6 37. Nd4 Re5 38. Rb4 Nc5 39. Rc4 Ne4 40. g4
Rea5 41. Kd3 Nf6 42. R2xc3 Nd5 43. Rc8+ Rxc8 44. Rxc8+ Kg7 45. Ke4 Nf6+ 46. Kf3
Rxa2 47. Rc7 Ra6 48. g5 Ne8 49. Rc8 Nd6 50. Rd8 Nb7 51. Rb8 Nc5 52. Re8 h6 53.
h4 hxg5 54. hxg5 Ne6 55. Nxe6+ fxe6 56. Kf4 Kf7 57. Rh8 Ra5 58. Rh7+ Kg8 59. Rh1
Rf5+ 60. Kg4 Rf2 61. Ra1 Kf7 62. Ra7+ Kf8 63. Rb7 Rf1 64. Rb4 e5 65. Rb8+ Kf7
66. Rb7+ Kf8 1/2-1/2

[Event "TCh-CHN 2019"]
[Site "China CHN"]
[Date "2019.05.07"]
[Round "5.4"]
[Board "2"]
[White "Lan, Zilun"]
[Black "Ma, Qun"]
[Result "1/2-1/2"]
[BlackTitle "GM"]
[WhiteElo "2313"]
[BlackElo "2627"]
[WhiteTeam "Zhejiang team"]
[BlackTeam "Hangzhou Bank Team"]
[WhiteFideId "8604193"]
[BlackFideId "8603154"]
[EventDate "2019.04.09"]

1. Nf3 Nf6 2. d4 e6 3. c4 d5 4. Nc3 c6 5. Bg5 h6 6. Bxf6 Qxf6 7. e3 Nd7 8. Bd3
Qd8 9. O-O Be7 10. e4 dxc4 11. Bxc4 b5 12. Bb3 b4 13. Na4 Ba6 14. Re1 O-O 15. d5
cxd5 16. exd5 exd5 17. Nd4 Bb7 18. Nf5 Bf6 19. Qg4 Kh8 20. Qh5 Kg8 21. Qg4 Kh8
22. Qh5 Kg8 23. Qg4 1/2-1/2

[Event "TCh-CHN 2019"]
[Site "China CHN"]
[Date "2019.05.07"]
[Round "5.4"]
[Board "4"]
[White "Khademalsharieh, Sarasadat"]
[Black "Ding, Yixin"]
[Result "1-0"]
[WhiteTitle "IM"]
[BlackTitle "WGM"]
[WhiteElo "2487"]
[BlackElo "2439"]
[WhiteTeam "Hangzhou Bank Team"]
[BlackTeam "Zhejiang team"]
[WhiteFideId "12512214"]
[BlackFideId "8602972"]
[EventDate "2019.04.09"]

1. Nf3 Nf6 2. c4 g6 3. Nc3 Bg7 4. e4 c5 5. d4 cxd4 6. Nxd4 d6 7. Be2 Nc6 8. Be3
O-O 9. f3 Nxd4 10. Bxd4 Be6 11. O-O Nd7 12. Bxg7 Kxg7 13. Qd2 Qa5 14. b3 Rfc8
15. Qb2 f6 16. Nd5 Kf8 17. Qc1 Qd8 18. Qh6+ Kg8 19. f4 Qf8 20. Qh4 Kg7 21. Rae1
Bg8 22. Bg4 e6 23. Nc3 f5 24. Bf3 Rab8 25. Qf2 Nc5 26. Qd4+ Qf6 27. e5 dxe5 28.
fxe5 Qd8 29. Qe3 Qd3 30. Nb5 Qxe3+ 31. Rxe3 a5 32. Nd6 Rc7 33. a3 b6 34. b4 axb4
35. axb4 Nd7 36. Rd1 Nf8 37. h4 Bf7 38. Rc3 Be8 39. c5 bxc5 40. Rxc5 Ra7 41.
Rdc1 Bd7 42. Ra5 Rxa5 43. bxa5 Rb4 44. Ra1 Ra4 45. Rxa4 Bxa4 46. a6 1-0

[Event "TCh-CHN 2019"]
[Site "China CHN"]
[Date "2019.05.07"]
[Round "5.4"]
[Board "5"]
[White "Gu, Tianlu"]
[Black "Zhu, Jiner"]
[Result "0-1"]
[WhiteTitle "WIM"]
[BlackTitle "WIM"]
[WhiteElo "2261"]
[BlackElo "2461"]
[WhiteTeam "Hangzhou Bank Team"]
[BlackTeam "Zhejiang team"]
[WhiteFideId "8603995"]
[BlackFideId "8608059"]
[EventDate "2019.04.09"]

1. e4 e5 2. Nf3 Nc6 3. Bb5 a6 4. Ba4 Nf6 5. O-O Be7 6. Re1 b5 7. Bb3 d6 8. c3
O-O 9. h3 Nb8 10. d4 Nbd7 11. Nbd2 Bb7 12. Bc2 Re8 13. Nf1 Bf8 14. Ng3 g6 15.
Bd2 c5 16. d5 c4 17. a4 Qc7 18. Be3 Nc5 19. Nd2 Reb8 20. Qe2 Bg7 21. Ra2 Nfd7
22. Rea1 Nb6 23. Qf1 Ncxa4 24. Bxa4 Nxa4 25. Nxc4 Nxc3 26. bxc3 bxc4 27. Ra4 f5
28. exf5 Bxd5 29. Rxa6 Rxa6 30. Rxa6 Ra8 31. Rb6 Ra3 32. Qd1 Bc6 33. Qc2 d5 34.
Qb2 Ra4 35. Bc5 Kf7 36. fxg6+ hxg6 37. h4 Ra5 38. Qb4 Ra1+ 39. Nf1 Bf6 40. Qb2
Ra5 41. Qb4 Ra4 42. Qb2 Bxh4 43. Ne3 Ra5 44. Bf8 Bd8 45. Rxc6 Qxc6 46. Bb4 Rb5
47. Qe2 Bf6 48. Qf3 Qe6 49. Ng4 d4 50. Nxf6 Qxf6 51. Qa8 Kg7 52. Qe8 Rb7 53. Qc8
Rf7 54. f3 d3 55. Qxc4 Qd8 0-1

[Event "TCh-CHN 2019"]
[Site "China CHN"]
[Date "2019.05.07"]
[Round "5.5"]
[Board "1"]
[White "Yuan, Qingyu"]
[Black "Chu, Wei Chao"]
[Result "1/2-1/2"]
[BlackTitle "IM"]
[WhiteElo "2372"]
[BlackElo "2422"]
[WhiteTeam "Beijing team"]
[BlackTeam "Zhihui Sports chess team of Tianjin"]
[WhiteFideId "8609772"]
[BlackFideId "8605661"]
[EventDate "2019.04.09"]

1. d4 Nf6 2. c4 c5 3. d5 e6 4. Nc3 exd5 5. cxd5 d6 6. e4 g6 7. h3 Bg7 8. Nf3 O-O
9. Bd3 a6 10. a4 Nbd7 11. O-O Re8 12. Re1 Nh5 13. Bg5 Bf6 14. Bh6 Bg7 15. Bg5
Bf6 16. Bh6 Bg7 17. Bg5 Bf6 1/2-1/2

[Event "TCh-CHN 2019"]
[Site "China CHN"]
[Date "2019.05.07"]
[Round "5.5"]
[Board "3"]
[White "Wang, Yiye"]
[Black "Dai, Changren"]
[Result "1/2-1/2"]
[WhiteTitle "IM"]
[BlackTitle "IM"]
[WhiteElo "2444"]
[BlackElo "2511"]
[WhiteTeam "Beijing team"]
[BlackTeam "Zhihui Sports chess team of Tianjin"]
[WhiteFideId "8606021"]
[BlackFideId "8608156"]
[EventDate "2019.04.09"]

1. Nf3 Nf6 2. c4 g6 3. d4 Bg7 4. g3 O-O 5. Bg2 d6 6. O-O Nc6 7. Nc3 e5 8. dxe5
dxe5 9. Bg5 Be6 10. Nd2 h6 11. Bxf6 Bxf6 12. Nde4 Be7 13. Qxd8 Rfxd8 14. Nd5
Bxd5 15. cxd5 Nb4 16. Nc3 c6 17. dxc6 Nxc6 18. Rfd1 Rxd1+ 19. Rxd1 Rd8 20. Bxc6
bxc6 21. Kf1 Rxd1+ 22. Nxd1 f5 23. e4 Kf7 24. Ke2 Ke6 25. f3 Bc5 26. Ne3 Bd4 27.
b3 h5 28. Nc4 fxe4 29. fxe4 Bg1 30. h3 Bd4 31. Nd2 Bc5 32. Kd3 Bf2 33. g4 hxg4
34. hxg4 Kf6 35. Nf3 Bb6 36. Kc4 Be3 37. b4 a6 38. a4 Bf2 39. Kd3 Bb6 40. Ke2
Bc7 41. Kd2 Bb6 42. Kc3 Bf2 43. Kc4 Be3 44. Kc3 Bf2 45. Kd3 Bb6 46. Kc4 Be3 47.
a5 Bf2 48. Kc3 Be3 49. Kd3 Ba7 50. Kc4 1/2-1/2

[Event "TCh-CHN 2019"]
[Site "China CHN"]
[Date "2019.05.07"]
[Round "5.5"]
[Board "4"]
[White "Khotenashvili, Bela"]
[Black "Song, Yuxin"]
[Result "1-0"]
[WhiteTitle "GM"]
[BlackTitle "WIM"]
[WhiteElo "2446"]
[BlackElo "2299"]
[WhiteTeam "Zhihui Sports chess team of Tianjin"]
[BlackTeam "Beijing team"]
[WhiteFideId "13602640"]
[BlackFideId "8614300"]
[EventDate "2019.04.09"]

1. c4 c5 2. Nf3 Nc6 3. d4 cxd4 4. Nxd4 Nf6 5. g3 e6 6. Bg2 d5 7. cxd5 Bb4+ 8.
Bd2 Nxd5 9. Nxc6 bxc6 10. O-O Be7 11. e4 Nf6 12. Qc2 Bb7 13. Rd1 Nd7 14. Bc3 O-O
15. Nd2 Qc7 16. Nc4 Rad8 17. Bd2 Ba8 18. Rac1 c5 19. Bf4 e5 20. Bd2 Nb6 21. Ne3
Qb7 22. Nf5 Rc8 23. a4 Rc6 24. a5 Nc8 25. Nxe7+ Qxe7 26. Bc3 c4 27. Rd5 Re6 28.
Rd2 Qc5 29. Qa4 Qc7 30. Rd7 Qc6 31. Qxc6 Bxc6 32. Rc7 Bb5 33. Rd1 a6 34. Bh3 Rc6
35. Bxe5 f6 36. Bf4 Rxc7 37. Bxc7 Re8 38. f3 Ne7 39. Be6+ Kh8 40. Kf2 Ng6 41.
Bd7 Bxd7 42. Rxd7 Ne5 43. Bxe5 fxe5 44. Rd6 Rb8 45. Rb6 Rd8 46. Rxa6 Rd2+ 47.
Ke1 Rd8 48. Rb6 h6 49. a6 Ra8 50. Kd2 Kh7 51. Kc3 Rc8 52. a7 1-0

[Event "TCh-CHN 2019"]
[Site "China CHN"]
[Date "2019.05.07"]
[Round "5.5"]
[Board "5"]
[White "Xiao, Yiyi"]
[Black "Wang, Yu A."]
[Result "1-0"]
[WhiteTitle "WFM"]
[BlackTitle "IM"]
[WhiteElo "2306"]
[BlackElo "2293"]
[WhiteTeam "Zhihui Sports chess team of Tianjin"]
[BlackTeam "Beijing team"]
[WhiteFideId "8606161"]
[BlackFideId "8601097"]
[EventDate "2019.04.09"]

1. d4 Nf6 2. c4 e6 3. Nf3 d5 4. g3 Be7 5. Bg2 O-O 6. O-O dxc4 7. Qc2 a6 8. a4
Bd7 9. Rd1 Bc6 10. Nc3 a5 11. e4 Na6 12. Ne5 Nb4 13. Qe2 Nd7 14. Nxc4 Nb6 15.
Nxb6 cxb6 16. d5 exd5 17. exd5 Bd7 18. d6 Bf6 19. Bxb7 Rb8 20. Bg2 Rc8 21. Ra3
Re8 22. Be3 Bg5 23. Nd5 Rc2 24. Qh5 Bxe3 25. Rxe3 Rxe3 26. Nxe3 Rxb2 27. Qe5 Ra2
28. Qe7 Qc8 29. Bb7 1-0

[Event "TCh-CHN 2019"]
[Site "China CHN"]
[Date "2019.05.07"]
[Round "5.6"]
[Board "2"]
[White "Lin, Yi"]
[Black "Ni, Hua"]
[Result "1/2-1/2"]
[WhiteTitle "IM"]
[BlackTitle "GM"]
[WhiteElo "2415"]
[BlackElo "2669"]
[WhiteTeam "Hangzhou Hongda team"]
[BlackTeam "China Mobil Shanghai Chess Club"]
[WhiteFideId "8609659"]
[BlackFideId "8601160"]
[EventDate "2019.04.09"]

1. d4 d6 2. Nf3 g6 3. g3 Nf6 4. Bg2 Bg7 5. O-O O-O 6. b3 b5 7. Ne1 c6 8. a4 b4
9. a5 Qc7 10. Bb2 Na6 11. Nd2 Rb8 12. Nd3 Rb5 13. Nc4 d5 14. Nce5 Ne4 15. e3 f6
16. Nf3 Rxa5 17. Qe2 Rd8 18. Rxa5 Qxa5 19. Ra1 Qb6 20. Nd2 f5 21. Qe1 c5 22.
Nxe4 dxe4 23. dxc5 Qb8 24. Bxg7 Kxg7 25. Rxa6 exd3 26. Qa1+ Kh6 27. cxd3 Bxa6
28. Qxa6 Qc7 29. d4 Kg7 30. Bb7 e5 31. dxe5 Qxe5 32. Qxa7 Rd1+ 33. Kg2 Qa1 34.
Ba6+ Kh6 35. Qe7 Rg1+ 36. Kh3 Qxa6 37. Qh4+ Kg7 38. Qe7+ 1/2-1/2

[Event "TCh-CHN 2019"]
[Site "China CHN"]
[Date "2019.05.07"]
[Round "5.6"]
[Board "3"]
[White "Xiang, Zeyu"]
[Black "Xu, Yi"]
[Result "1/2-1/2"]
[WhiteTitle "IM"]
[BlackTitle "GM"]
[WhiteElo "2446"]
[BlackElo "2542"]
[WhiteTeam "Hangzhou Hongda team"]
[BlackTeam "China Mobil Shanghai Chess Club"]
[WhiteFideId "8608547"]
[BlackFideId "8605564"]
[EventDate "2019.04.09"]

1. d4 Nf6 2. c4 e6 3. Nc3 Bb4 4. Qc2 d5 5. a3 Bxc3+ 6. Qxc3 O-O 7. Nf3 dxc4 8.
Qxc4 b6 9. Bg5 Ba6 10. Qa4 Qd7 11. Qxd7 Nbxd7 12. Bxf6 gxf6 13. e3 Bb7 14. Rc1
c5 15. Bb5 Rfd8 16. Ke2 Bxf3+ 17. Kxf3 cxd4 18. exd4 f5 19. Bc6 Rab8 20. Ke3 Nf6
21. Bf3 Rd7 22. a4 Rbd8 23. Rc4 Kg7 24. Rd1 Kf8 25. h3 Ke7 26. Rdc1 Nd5+ 27.
Bxd5 Rxd5 28. Rc7+ R8d7 29. Rxd7+ Kxd7 30. g4 fxg4 31. hxg4 h5 32. f3 hxg4 33.
fxg4 b5 34. Ra1 a5 35. Ke4 Ke7 36. b3 bxa4 37. bxa4 Rg5 38. Kf4 Rd5 39. Ke4 Rg5
40. Kf4 f6 41. Rb1 Rd5 42. Ke4 Rg5 43. Kf4 Rd5 44. Ke4 Rg5 1/2-1/2

[Event "TCh-CHN 2019"]
[Site "China CHN"]
[Date "2019.05.07"]
[Round "5.6"]
[Board "4"]
[White "Ju, Wenjun"]
[Black "Zhao, Shengxin"]
[Result "1-0"]
[WhiteTitle "GM"]
[BlackTitle "WFM"]
[WhiteElo "2580"]
[BlackElo "2093"]
[WhiteTeam "China Mobil Shanghai Chess Club"]
[BlackTeam "Hangzhou Hongda team"]
[WhiteFideId "8603006"]
[BlackFideId "8608040"]
[EventDate "2019.04.09"]

1. c4 e6 2. Nc3 d5 3. d4 Nf6 4. cxd5 exd5 5. Bg5 Be7 6. e3 c6 7. Bd3 Nbd7 8. Nf3
h6 9. Bf4 Nh5 10. Be5 Nxe5 11. Nxe5 Nf6 12. O-O O-O 13. f4 c5 14. Bc2 b6 15. g4
Bb7 16. g5 hxg5 17. fxg5 Ne4 18. Bxe4 dxe4 19. Nxf7 Rxf7 20. Qb3 1-0

[Event "TCh-CHN 2019"]
[Site "China CHN"]
[Date "2019.05.07"]
[Round "5.6"]
[Board "5"]
[White "Ni, Shiqun"]
[Black "Zhou, Zirun"]
[Result "1-0"]
[WhiteTitle "WGM"]
[WhiteElo "2389"]
[BlackElo "2124"]
[WhiteTeam "China Mobil Shanghai Chess Club"]
[BlackTeam "Hangzhou Hongda team"]
[WhiteFideId "8608466"]
[BlackFideId "8610975"]
[EventDate "2019.04.09"]

1. e4 e5 2. Nf3 Nc6 3. Bb5 a6 4. Ba4 Nf6 5. O-O b5 6. Bb3 Bc5 7. a4 Rb8 8. Nxe5
Nxe5 9. d4 Bxd4 10. Qxd4 d6 11. Bf4 O-O 12. f3 c5 13. Qd2 c4 14. Ba2 Be6 15.
axb5 axb5 16. b4 Qb6+ 17. Be3 Qc6 18. Nc3 Ra8 19. Rad1 Rfd8 20. Bg5 Ng6 21. Qd4
Ra3 22. Bb1 Rb8 23. Bxf6 gxf6 24. Qxf6 Qb6+ 25. Kh1 Rb7 26. f4 Qe3 27. Rf3 Rxc3
28. Rxe3 Rxe3 29. f5 Rxe4 30. c3 Rf4 31. Qd8+ Kg7 32. fxe6 fxe6 33. Qxd6 Rbf7
34. Kg1 R4f6 35. Bxg6 hxg6 36. Qe5 1-0